[Event "SLO-chT3 West"]
[Site "Otocec"]
[Date "2016.11.26"]
[Round "2"]
[White "Persl, Bojan"]
[Black "Matijevic, Filip"]
[Result "0-1"]
[WhiteElo "2087"]
[BlackElo "2165"]
[PlyCount "68"]
[EventDate "2016.11.25"]
[EventType "team-tourn"]
[EventRounds "5"]
[EventCountry "SLO"]
[SourceTitle "EXT 2022"]
[Source "ChessBase"]
[SourceDate "2021.10.06"]
[SourceVersion "1"]
[SourceVersionDate "2021.10.06"]
[SourceQuality "1"]

1. e4 e5 2. Nf3 Nc6 3. Bb5 Nf6 4. d3 d6 5. 0-0 Be7 6. Re1 0-0 7. c3 h6 8. Nbd2 Bd7 9. Nf1 Re8 10. Ng3 Bf8 11. Ba4 Ne7 12. Bb3 Ng6 13. d4 c6 14. h3 Qc7 15. Nh2 d5 16. dxe5 Nxe4 17. Nxe4 dxe4 18. Rxe4 Bf5 19. Re1 Rad8 20. Qh5 Rxe5 21. Rxe5 Qxe5 22. Nf3 Qe4 23. Be3 Bd6 24. Nd4 Nh4 25. Nf3 Nxf3+ 26. gxf3 Qe5 27. Bxf7+ Kh7 28. f4 Qe4 29. Rd1 g6 30. Qe2 Bxh3 31. f3 Qe7 32. Bc4 b5 33. Bd3 Re8 34. Rd2 Qxe3+ 0-1

[Event "SLO-chT3 West"]
[Site "Otocec"]
[Date "2016.11.25"]
[Round "1"]
[White "Persl, Bojan"]
[Black "Novakovic, Novica"]
[Result "1-0"]
[WhiteElo "2087"]
[BlackElo "1731"]
[PlyCount "87"]
[EventDate "2016.11.25"]
[EventType "team-tourn"]
[EventRounds "5"]
[EventCountry "SLO"]
[SourceTitle "EXT 2022"]
[Source "ChessBase"]
[SourceDate "2021.10.06"]
[SourceVersion "1"]
[SourceVersionDate "2021.10.06"]
[SourceQuality "1"]

1. e4 c6 2. d4 d5 3. Nd2 dxe4 4. Nxe4 Bf5 5. Ng3 Bg6 6. h4 h6 7. Nf3 Nd7 8. h5 Bh7 9. Bd3 Bxd3 10. Qxd3 e6 11. Bf4 Ngf6 12. 0-0-0 Qa5 13. Kb1 0-0-0 14. Qe2 Be7 15. c4 Rhe8 16. Rd3 c5 17. Ra3 Qb6 18. Bd2 cxd4 19. Ba5 Qa6 20. Bxd8 Bxa3 21. Bxf6 Bxb2 22. Qxb2 Nxf6 23. Nxd4 Rd8 24. Nb3 Qd6 25. Rc1 Qf4 26. c5 Qb4 27. c6 b6 28. Qe2 Qa3 29. Qf3 Rd5 30. c7 a5 31. Rc3 a4 32. Nc1 Rb5+ 33. Kc2 Qb2+ 34. Kd1 Nd5 35. Rc2 Qe5 36. Nd3 Nc3+ 37. Kd2 Nb1+ 38. Kc1 Qg5+ 39. Nf4 Rd5 40. Kxb1 Rb5+ 41. Kc1 Rd5 42. Ne4 Qe5 43. Nxd5 exd5 44. Qf5+ 1-0

[Event "SLO-chT Central Superliga 17th"]
[Site "Slovenia"]
[Date "2016.10.27"]
[Round "6.2"]
[White "Persl, Bojan"]
[Black "Mlakar, Matej"]
[Result "1-0"]
[WhiteElo "2087"]
[BlackElo "1503"]
[PlyCount "85"]
[EventDate "2016.09.22"]
[EventType "team-tourn"]
[EventRounds "9"]
[EventCountry "SLO"]
[SourceTitle "EXT 2023"]
[Source "ChessBase"]
[SourceDate "2022.10.05"]
[SourceVersion "1"]
[SourceVersionDate "2022.10.05"]
[SourceQuality "1"]
[WhiteTeam "Klinicni Center"]
[BlackTeam "Komenda Popotnik"]
[WhiteTeamCountry "SLO"]
[BlackTeamCountry "SLO"]

1. e4 e5 2. Nf3 Nc6 3. Bb5 Nf6 4. d3 d6 5. 0-0 Be7 6. Re1 0-0 7. c3 a6 8. Ba4 h6 9. Nbd2 Be6 10. Nf1 b5 11. Bc2 Nb8 12. d4 exd4 13. cxd4 c5 14. Ng3 Bg4 15. Be3 Nc6 16. Nf5 Bxf5 17. exf5 c4 18. h3 d5 19. Ne5 Qc7 20. Nxc6 Qxc6 21. Bxh6 Bb4 22. Bd2 c3 23. bxc3 Bxc3 24. Bxc3 Qxc3 25. Re3 Qc4 26. Bb3 Qc8 27. g4 a5 28. Rc1 Qd7 29. Rc5 a4 30. Bc2 Rfc8 31. g5 Ne8 32. f6 gxf6 33. Qh5 f5 34. Rg3 Ng7 35. Qh6 Rxc5 36. dxc5 Qe6 37. g6 fxg6 38. Rxg6 Qf7 39. Bxf5 Re8 40. Rg5 Kf8 41. Bg6 Re1+ 42. Kg2 Qf6 43. Rf5 1-0

[Event "Ljubljana-chT 69th Superliga"]
[Site "Ljubljana"]
[Date "2016.04.15"]
[Round "9.3"]
[White "Persl, Bojan"]
[Black "Debevec, Blaz"]
[Result "1/2-1/2"]
[WhiteElo "2054"]
[BlackElo "2150"]
[PlyCount "60"]
[EventDate "2016.01.14"]
[EventType "team-tourn"]
[EventRounds "9"]
[EventCountry "SLO"]
[SourceTitle "EXT 2022"]
[Source "ChessBase"]
[SourceDate "2021.10.06"]
[SourceVersion "1"]
[SourceVersionDate "2021.10.06"]
[SourceQuality "1"]
[WhiteTeam "Klinicni Center"]
[BlackTeam "Komenda Popotnik"]
[WhiteTeamCountry "SLO"]
[BlackTeamCountry "SLO"]

1. e4 c5 2. Nf3 d6 3. d4 cxd4 4. Nxd4 Nf6 5. Nc3 a6 6. Be2 e5 7. Nb3 Be7 8. 0-0 0-0 9. f4 Nbd7 10. Kh1 b5 11. Nd5 Nxd5 12. exd5 Qc7 13. a4 b4 14. a5 f5 15. Ra4 Rb8 16. Bd2 Bf6 17. Rxb4 Rxb4 18. Bxb4 exf4 19. c3 Be5 20. Nd4 Nc5 21. Bxc5 Qxc5 22. Ne6 Bxe6 23. dxe6 Re8 24. Qb3 Kf8 25. Bxa6 Qxa5 26. Qb7 Re7 27. Qc8+ Re8 28. Qb7 Re7 29. Qc8+ Re8 30. Qb7 Re7 1/2-1/2

[Event "Ljubljana-chT 69th Superliga"]
[Site "Ljubljana"]
[Date "2016.03.10"]
[Round "6.3"]
[White "Bucar, Natasa"]
[Black "Persl, Bojan"]
[Result "0-1"]
[WhiteElo "1964"]
[BlackElo "2054"]
[PlyCount "66"]
[EventDate "2016.01.14"]
[EventType "team-tourn"]
[EventRounds "9"]
[EventCountry "SLO"]
[SourceTitle "EXT 2022"]
[Source "ChessBase"]
[SourceDate "2021.10.06"]
[SourceVersion "1"]
[SourceVersionDate "2021.10.06"]
[SourceQuality "1"]
[WhiteTeam "Mentor"]
[BlackTeam "Klinicni Center"]
[WhiteTeamCountry "SLO"]
[BlackTeamCountry "SLO"]

1. e4 c5 2. Nf3 d6 3. d4 cxd4 4. Nxd4 Nf6 5. Nc3 a6 6. f3 e6 7. Be3 Qc7 8. Qd2 Nbd7 9. g4 Ne5 10. g5 Nfd7 11. f4 Nc4 12. Bxc4 Qxc4 13. f5 Ne5 14. 0-0-0 b5 15. fxe6 fxe6 16. b3 Qc7 17. Rhf1 Bd7 18. Bf4 0-0-0 19. Nf3 Be7 20. Ne2 Rhf8 21. g6 hxg6 22. Ng5 Rf6 23. Nd4 Qc5 24. Nh7 Rxf4 25. Qxf4 Rh8 26. b4 Qc3 27. Nb3 Nc4 28. Rd3 Qb2+ 29. Kd1 Rxh7 30. Qf7 Rxh2 31. Rf2 Qb1+ 32. Nc1 Nb2+ 33. Kd2 Bg5+ 0-1

[Event "SLO-chT2 West"]
[Site "Slovenia"]
[Date "2015.10.18"]
[Round "3"]
[White "Persl, Bojan"]
[Black "Bajec, Borut"]
[Result "0-1"]
[WhiteElo "2049"]
[BlackElo "1790"]
[PlyCount "114"]
[EventDate "2015.10.17"]
[EventType "team-tourn"]
[EventRounds "7"]
[EventCountry "SLO"]
[SourceTitle "EXT 2019"]
[Source "ChessBase"]
[SourceDate "2018.10.10"]
[SourceVersion "1"]
[SourceVersionDate "2018.10.10"]
[SourceQuality "1"]
[WhiteTeam "Ljubljana SK"]
[BlackTeam "Trzin"]
[WhiteTeamCountry "SLO"]
[BlackTeamCountry "SLO"]

1. e4 c5 2. Nf3 Nc6 3. d4 cxd4 4. Nxd4 d6 5. Nc3 Nf6 6. Be2 e6 7. Be3 Be7 8. g4 d5 9. exd5 Nxd5 10. Nxd5 Qxd5 11. Bf3 Qa5+ 12. c3 Nxd4 13. Bxd4 e5 14. Be3 0-0 15. h3 Be6 16. 0-0 Rad8 17. Qc2 f5 18. gxf5 Bxf5 19. Qb3+ Kh8 20. Bg2 Qa6 21. Qxb7 Qf6 22. Rad1 Rb8 23. Qxa7 Qh4 24. Qc7 Bf6 25. Rd2 Bxh3 26. Bxh3 Qxh3 27. f3 Rbc8 28. Qd7 Qh5 29. Rh2 Qg6+ 30. Rg2 Qh5 31. Qg4 Qf7 32. a3 Rc4 33. Qf5 g6 34. Qc2 Qe6 35. b3 Rh4 36. c4 Rh3 37. Qe4 Be7 38. a4 Rh5 39. Rg4 Rhf5 40. Kg2 h5 41. Rg3 g5 42. Rh1 h4 43. Rgh3 Qd6 44. c5 Qa6 45. Re1 Qa5 46. Rc1 Qa6 47. Rc2 Qa5 48. c6 Bd8 49. Rc5 Qe1 50. c7 Bxc7 51. Bg1 Qd2+ 52. Kh1 Qd6 53. Qc2 Ba5 54. Rxa5 Qe6 55. Ra7 Rc8 56. Qd3 Rf7 57. Rxf7 Qxh3+ 0-1

[Event "Ljubljana-chT 68th Superliga"]
[Site "Ljubljana"]
[Date "2015.02.12"]
[Round "5.2"]
[White "Debevec, Blaz"]
[Black "Persl, Bojan"]
[Result "1-0"]
[WhiteElo "2150"]
[BlackElo "2063"]
[PlyCount "47"]
[EventDate "2015.01.08"]
[EventType "team-tourn"]
[EventRounds "9"]
[EventCountry "SLO"]
[SourceTitle "EXT 2022"]
[Source "ChessBase"]
[SourceDate "2021.10.06"]
[SourceVersion "1"]
[SourceVersionDate "2021.10.06"]
[SourceQuality "1"]
[WhiteTeam "Komenda Popotnik"]
[BlackTeam "Klinicni Center"]
[WhiteTeamCountry "SLO"]
[BlackTeamCountry "SLO"]

1. d4 Nf6 2. c4 e6 3. g3 d5 4. Nf3 Be7 5. Bg2 0-0 6. 0-0 Nbd7 7. Qc2 c5 8. cxd5 Nxd5 9. a3 cxd4 10. Nxd4 Bf6 11. Nb5 Qb6 12. N1c3 Nxc3 13. Nxc3 Qc5 14. Be3 Qc4 15. Rac1 Be5 16. b3 Qa6 17. Ne4 Nf6 18. f4 Nxe4 19. Bxe4 Bf6 20. Bxh7+ Kh8 21. Be4 Bd7 22. Qc5 g6 23. Bd4 Bg7 24. Qc3 1-0